Biografía del Caribe (Registro nro. 301063)
[ vista simple ]
| 000 -ENCABEZADO | |
|---|---|
| Número de control [NR] | 01067nam a2200277 a 4500 |
| 005 - FECHA Y HORA DE LA ÚLTIMA TRANSACCIÓN | |
| control field | 20150902091831.0 |
| 008 - DE LONGITUD FIJA DE DATOS DE ELEMENTOS - INFORMACIÓN GENERAL | |
| Elementos de longitud fija [NR] | 150901r20002014mx a b 000 0 spa d |
| 020 ## - NUMERO INTERNACIONAL NORMALIZADO PARA LIBROS [R] | |
| Número Internacional Normalizado del libro [NR] | 9789700722610 (tela) |
| 020 ## - NUMERO INTERNACIONAL NORMALIZADO PARA LIBROS [R] | |
| Número Internacional Normalizado del libro [NR] | 9789700722887 (rústica) |
| 040 ## - FUENTE DE CATALOGACION [NR] | |
| Agencia de catalogación original [NR] | CO-BoUCM |
| Idioma de catalogación [NR] | spa |
| Quien Cataloga | David Avila |
| Quien Clasifica | David Avila |
| 041 0# - CODIGO DE IDIOMA [R] | |
| Código de idioma para texto/pista de sonido o título separado [R] | Español |
| 100 1# - ASIENTO PRINCIPAL--NOMBRE PERSONAL [NR] | |
| Nombre personal [NR] | Arciniegas, Germán |
| Fechas asociadas con el nombre [NR] | 1900-1999 |
| ID Autoridad | 71221 |
| 245 10 - MENCION DE TITULO [NR] | |
| Título [NR] | Biografía del Caribe |
| Mención de responsabilidad, etc. [NR] | Germán Arciniegas |
| 250 ## - MENCION DE EDICION [NR] | |
| Mención de edición [NR] | Tercera edición |
| 260 ## - PUBLICACION, DISTRIBUCION, ETC. (PIE DE IMPRENTA) [R] | |
| Lugar de publicación, distribución, etc. [R] | México |
| Nombre del editor, distribuidor, etc. [R] | Editorial Porrúa |
| Fecha de publicación, distribución, etc. [R] | 2000 |
| 300 ## - DESCRIPCION FISICA [R] | |
| Extensión [R] | 404 páginas |
| Otros detalles físicos [NR] | ilustraciones |
| Dimensiones [R] | 22 cm. |
| 490 0# - MENCION DE SERIE [R] | |
| Mención de serie [R] | "Sepan cuantos-- " |
| Designación numérica/secuencial del volumen [NR] | 406 |
| 500 ## - NOTA GENERAL [R] | |
| Nota general [NR] | Ejemplares 3 y 4 dicen cuarta edición, son reimpresiones de 2014. |
| 504 ## - NOTA DE BIBLIOGRAFIA, ETC. [R] | |
| Nota de bibliografía, etc. [NR] | Incluye referencias bibliográficas |
| 505 0# - NOTA DE CONTENIDO CON FORMATO PREESTABLECIDO [R] | |
| Nota de contenido con formato preestablecido [NR] | El siglo de oro -- El siglo de plata -- El siglo de las luces -- El siglo de la libertad. |
| 651 #0 - ASIENTO SECUNDARIO DE MATERIA - NOMBRE GEOGRAFICO [R] | |
| Nombre geográfico [NR] | Caribe (Región) |
| Subdivisión general [R] | Historia |
| 9 (RLIN) | 71222 |
| 651 #0 - ASIENTO SECUNDARIO DE MATERIA - NOMBRE GEOGRAFICO [R] | |
| Nombre geográfico [NR] | Antillas (Federación) |
| Subdivisión general [R] | Historia |
| 9 (RLIN) | 71223 |
| 690 ## - ASUNTO AGREGADO LOCAL DE ENTRADA - TÉRMINO TEMÁTICO (OCLC, RLIN) | |
| 9 (RLIN) | 42842 |
| Acceso temático local | Historia de América |
| 942 ## - ELEMENTOS DE ENTRADA AGREGADOS (KOHA) | |
| Sistema de clasificación | DEWEY |
| Tema principal | Historia |
| Tipo de ítem principal el descrito en 300a | Libro |
| Edición | 1 |
| Clasificación | 972.9 |
| Parte restante de la signatura top. | A72b |
| Fecha de último préstamo | Total préstamos | Total Renewals | Signatura topográfica | Código de barras | Última vez visto | Ejemplar | Costo de reposición | Price effective from | Tipo de ítem | Perdido | Sistema de clasificación | Dañado | No prestable | Tipo de ítem específico | Suprimido | Ubicación habitual | Ubicación actual | Localización | Fecha de creación | Proveedor | Forma de adquisición | Costo |
|---|---|---|---|---|---|---|---|---|---|---|---|---|---|---|---|---|---|---|---|---|---|---|
| 27/04/2016 | 3 | 3 | 972.9 A72b | 100147361 | 10/12/2025 | Ej.3 | 64000.00 | 01/09/2015 | Libro | DEWEY | Libro | Claustro | Claustro | 2do piso | 01/09/2015 | 10 | Compra | 64000.00 | ||||
| 972.9 A72b | 100147355 | 10/12/2025 | Ej.2 | 64000.00 | 01/09/2015 | Libro | DEWEY | Libro | Claustro | Claustro | 2do piso | 01/09/2015 | 10 | Compra | 64000.00 | |||||||
| 21/10/2019 | 2 | 972.9 A72b | 100147360 | 10/12/2025 | Ej.1 | 64000.00 | 01/09/2015 | Libro | DEWEY | Libro | Claustro | Claustro | 2do piso | 01/09/2015 | 10 | Compra | 64000.00 | |||||
| 20/04/2016 | 3 | 3 | 972.9 A72b | 100147362 | 10/12/2025 | Ej.4 | 64000.00 | 01/09/2015 | Libro | DEWEY | Libro | Claustro | Claustro | 2do piso | 01/09/2015 | 10 | Compra | 64000.00 |